Quizzes
Events
Quiz Creation
Community
Videos
Private Events
Remove Ads
Sign In
Join for FREE
Feedback
Dark Mode
Quiz Categories
Sports
Geography
Music
Movies
Television
Just For Fun
Miscellaneous
History
Literature
Language
Science
Gaming
Entertainment
Religion
Holiday
For Kids
Quiz Lab
Recent
Popular Today
Quiz Kudos Today
Editor Picks
Curator Picks
Quizzes by...
Day
Popularity
Type
Ratings
Length
Year
Community
Subscriptions
Recent Discussions
Orange Saloon
Badges
Playlists
Quests
Create
Leaderboards
Showdown
Live 5
Trivia Bingo
Activity
Puzzle Library
Sporcle Events
Private Events
Virtual Trivia
Globe League
Become a Host
Pub Owners
SporcleCon
Opinionation
Our Games
Videos
Blog
Mobile Apps
Partnerships
Remove Ads and Go Orange
Feedback
Entertainment
Celebrity
Famous
Musical
Broadway
Show
Quote
Comic Books
Anime
Superhero
DC Comics
Marvel
Cartoons
Animation
Entertainment
Celebrity
Famous
Musical
Broadway
Show
Quote
Comic Books
Anime
Superhero
DC Comics
Marvel
Cartoons
Animation
Random Quiz
Search Sporcle
×
Quiz Lab
Quiz Lab
Entertainment
Queen
Type in answers that appear in a list
Type in answers that appear in a list
Classic
Best Score? Go Orange.
Drag queen based on their real name Stats
Can you name the Drag queen based on their real name?
By
jonathanf410
5m
41 Questions
242 Plays
242 Plays
242 Plays
Comments
Comments
Give Quiz Kudos
Give Quiz Kudos
-
- Ratings
hide this ad
Replay
Link that replays current quiz
Next Quiz
Link to next quiz in quiz playlist
You Got
0%
They Got
Avg Score
38%
Avg Friend Score
Upgrade to see
Score Distribution
Jump to the score distribution portion of the page
Score
0/41
Timer
05:00
0
Plays Today
Real name
Drag name
% Correct
Sutan Amrull
Raja
93.4%
David Petruschin
Raven
73.1%
Aaron Coady
Sharon Needles
71.1%
Airline Inthyrath
Jujubee
66.9%
Karl Westerberg
Manila Luzon
65.7%
Jorge Flores
Nina Flowers
65.3%
Jaremi Carey
Phi Phi O'Hara
64.5%
Ryan Ong Palao
Ongina
55%
James Ross
Tyra Sanchez
52.1%
Timothy Wilcots
Latrice Royale
50%
Gabriel Burgos Ortiz
Yara Sofia
48.3%
Nea Marshall Kudi
BeBe Zahara Benet
45%
Keith Glen Schubert
Tammie Brown
43.8%
David Sotomayor
Jade
43.4%
DJ Pierce
Shangela Laquifa Wadley
42.1%
Michael Steck
Pandora Boxx
40.5%
Antoine Ashley
Sahara Davenport
39.7%
Gabriel Villarreal
Delta Work
38.8%
Joey Santolini
Tatianna
37.6%
Javier Rivera
Rebecca Glasscock
36.8%
Victor Bowling
Victoria Parker
34.7%
Real name
Drag name
% Correct
Bryan Watkins
Shannel
34.7%
Thomas White
Morgan McMichaels
33.1%
Braden Chapman
Mimi Imfurst
32.6%
Dwayne Cooper
Milan
28.9%
José David Sierra
Jessica Wild
28.9%
Paulo Arabejo
Jiggly Caliente
28.5%
Eric Flint
Akashia
27.7%
Xavier Hairston
DiDa Ritz
27.3%
Omar Olivera Bonilla
Kenya Michaels
27.3%
Elijah Kelly
Mariah
26%
Adam Biga
The Princess
24.4%
Adam Guerra
Venus D-Lite
24%
Carlos Melendez
Madame LaQueer
21.5%
Brian Trapp
Phoenix
21.1%
Ron Jones
Stacy Layne Matthews
18.6%
Shane Richardson
India Ferrah
18.6%
Donté Sims
Mystique Summers Madison
17.4%
Bryan Christopher
Nicole Paige Brooks
16.9%
Alex Hernandez
Alisa Summers
16.9%
Jamall Jackson
Lashauwn Beyond
16.1%
Quiz Playlist
Details
Report
Send in Message
Add To Playlist
Classic:
Type in answers that appear in a list
Last Updated: Feb 16, 2017
Quiz Scoreboard
CHALLENGE
Sign Up to Join the Scoreboard
Show All
Scores
Hide
Comments
May contain spoilers
Recently Published
An Introduction to Baseball
by treessimontrees
Sports
5m
Movies - When Are They Set?
by FPL_Elf
Movies
5m
Popular People in 1961
by mucciniale
History
6m
More to Explore
Quiz From the Vault
Featured Blog Post
Where Did the Easter Bunny Come From?
hide this ad
You Might Also Like...
Tags
Drag
Queen
Today's Top Quizzes in Entertainment
Browse Entertainment
hide this ad
Today's Top Quizzes in Queen
Browse Queen
Top Contributed Quizzes in Entertainment
1
Kamen Rider Motifs
2
Dragon Ball Z: Goku's Fights in Order
3
Dragon Ball Z: Mega Character Search
4
Marvel Characters Bunker
5
Criteria Quickie: Cartoon Taxonomy II
6
One Piece Arcs By Order III
7
Fictional Villains Letter U Blitz
8
Ana Gasteyer or Kathryn Hahn?
9
One Thing in Common: Fictional Characters
10
Dragon Ball Z: Super Saiyans in Order
Explore More
Trending Topics
Crossword
Anime
Disney
Kpop
NBA
Marvel
Harry Potter
Song
Pokémon
Puzzle
Soccer
Country
NFL
WWE
The Office
hide this ad
More By:
jonathanf410
Quiz
Plays
Rating
Category
Featured
Created
Drag queen based on their real name
242
Entertainment
Jun 23, 2012
Six Feet Under character that said it
232
4.50
Television
Nov 22, 2011
Scream Queens!
193
1.00
Movies
Jul 16, 2011
Glee Characters!
171
1.00
Television
Jul 18, 2011
The actor\actress that has portrayed a real person
152
2.60
Movies
Jun 14, 2012
Go to Creator's Profile
Score Distribution
Quiz Creator Spotlight
jonathanf410
Follow
Send a Message
Quizzes Created
-
Created Quiz Play Count
-
More By This Creator
Popular Quizzes Today
1
Find the Countries of Europe - No Outlines Minefield
2
Find the US States - No Outlines Minefield
3
The Countries of the World
4
Popular People in 1961
5
US States
6
Find the US States
7
1-10 Letter E Words III
8
Risky Map Clicking: Biggest States A-Z
More Entertainment Quizzes
Entertainment Awards Match-Up
Editor's Pick
Trending Quizzes
Risky Map Clicking: Least Populous States A-Z
1-10 Letter F Words
1-10 Letter G Words
One Thing in Common: United Kingdom
Risky Map Clicking: Next State Alphabetically
Recently Updated
Leaping Animals
pecheneg
Reality TV Shows (A-Z)
bhenderson79
Rickey Henderson's Hall of Fame Teammates
pecheneg
Champions League XIs: Arsenal
pecheneg
Quick Pick: Celebrities in WWE's Hall of Fame
aduchscher
A-Z Keypad Blitz II
pecheneg
Multiple Oscar Actors
pecheneg
Mystery Phrase Blitz: Oscar 'Best Actors'
pecheneg
F. Scott Fitzgerald Novels
LTH
Pick 3 Villains
ddd62291
Trending Topics
Crossword
NBA
Harry Potter
Kpop
Disney
Marvel
Anime
Puzzle
NFL
The Office
Soccer
Pokémon
Song
WWE
Country
Your Account Isn't Verified!
In order to create a playlist on Sporcle, you need to verify the email address you used during registration. Go to your
Sporcle Settings
to finish the process.
Report this User
Report this user for behavior that violates our
Community Guidelines
.
Details:
Send Report
Go to the Sporcle.com Mobile Site →
Comments